Monarchs of Carthage - Statistics

General Stats
  • This quiz has been taken 44 times
  • The average score is 8 of 16
Answer Stats
Dynasty Dates Answer % Correct
Magonid 440-406 Hannibal
90%
Didonian 814-760 Dido
77%
Didonian 580-556 Hanno I
67%
Magonid 480-440 Hanno II
67%
Magonid 344-340 Hanno III
67%
Hannonian 340-337 Hanno IV the Great
67%
Magonid 550-530 Mago I
60%
Magonid 396-375 Mago II
60%
Magonid 375-344 Mago III
60%
Magonid 510-480 Hamilcar I
57%
Hannonian 330-309 Hamilcar II
57%
Magonid 530-510 Hasdrubal
50%
Magonid 406-396 Himilco
23%
Hannonian 309-308 Bomilcar
17%
Hannonian 337-330 Gisco
17%
Didonian 556-550 Malchus
3%
No matching quizzes found
Score Distribution
Percent of People with Each Score
Percentile by Number Answered
Your Score History
You have not taken this quiz